<?xml version="1.0" encoding="UTF-8"?><?xml-stylesheet type="text/xsl" href="static/style.xsl"?><OAI-PMH xmlns="http://www.openarchives.org/OAI/2.0/" xmlns:xsi="http://www.w3.org/2001/XMLSchema-instance" xsi:schemaLocation="http://www.openarchives.org/OAI/2.0/ http://www.openarchives.org/OAI/2.0/OAI-PMH.xsd"><responseDate>2026-06-29T02:40:53Z</responseDate><request verb="GetRecord" identifier="oai:docta.ucm.es:20.500.14352/98042" metadataPrefix="marc">https://docta.ucm.es/rest/oai/request</request><GetRecord><record><header><identifier>oai:docta.ucm.es:20.500.14352/98042</identifier><datestamp>2025-03-18T15:39:54Z</datestamp><setSpec>com_20.500.14352_14</setSpec><setSpec>col_20.500.14352_15</setSpec></header><metadata><record xmlns="http://www.loc.gov/MARC21/slim" xmlns:dcterms="http://purl.org/dc/terms/" xmlns:xsi="http://www.w3.org/2001/XMLSchema-instance" xmlns:doc="http://www.lyncode.com/xoai" xsi:schemaLocation="http://www.loc.gov/MARC21/slim http://www.loc.gov/standards/marcxml/schema/MARC21slim.xsd">
   <leader>00925njm 22002777a 4500</leader>
   <datafield ind2=" " ind1=" " tag="042">
      <subfield code="a">dc</subfield>
   </datafield>
   <datafield ind2=" " ind1=" " tag="720">
      <subfield code="a">Llanes, Nuria</subfield>
      <subfield code="e">author</subfield>
   </datafield>
   <datafield ind2=" " ind1=" " tag="720">
      <subfield code="a">Cabezas Albéniz, Almudena</subfield>
      <subfield code="e">author</subfield>
   </datafield>
   <datafield ind2=" " ind1=" " tag="720">
      <subfield code="a">Jimeno, Vicente</subfield>
      <subfield code="e">author</subfield>
   </datafield>
   <datafield ind2=" " ind1=" " tag="260">
      <subfield code="c">2022-11-22</subfield>
   </datafield>
   <datafield ind2=" " ind1=" " tag="520">
      <subfield code="a">La historia nos ha enseñado que periódicamente las materias primas incrementan de precio, tensionando los costes de producción. En el 2022 nos encontramos en esta situación, y en estos ciclos alcistas una pequeña mejora en el IC significa mucho, a veces incluso, el ganar o perder en un lote. Pero el ser eficiente es una garantía siempre, no solo cuando el pienso o el ternero vale dinero, incluso en épocas de precios bajos, el eficiente gana más. Es por ello por lo que mejorar la eficiencia alimentaria debería ser uno de los principales objetivos en la cría de terneros. 
Aunque en este articulo vamos a centrarnos en la alimentación, debemos recordar que sanidad, manejo e instalaciones van a jugar un papel importantísimo en que la alimentación sea más o menos eficiente. Además, y estrechamente relacionado con lo anterior, no entendemos la eficiencia sin bienestar animal. Para que un animal sea lo máximo de eficiente debe tener el máximo bienestar. Y, por último, no olvidemos que siendo más eficientes también vamos a ser más sostenibles, no hay mayor forma de ganar en sostenibilidad que mejorar en eficiencia.</subfield>
   </datafield>
   <datafield ind1="8" ind2=" " tag="024">
      <subfield code="a">978-84-09-46116-5</subfield>
   </datafield>
   <datafield ind1="8" ind2=" " tag="024">
      <subfield code="a">https://hdl.handle.net/20.500.14352/98042</subfield>
   </datafield>
   <datafield ind1="8" ind2=" " tag="024">
      <subfield code="a">https://www.fundacionfedna.org/publicaciones_2022</subfield>
   </datafield>
   <datafield ind2="0" ind1="0" tag="245">
      <subfield code="a">Eficiencia en la alimentación de terneros. Avances</subfield>
   </datafield>
</record></metadata></record></GetRecord></OAI-PMH>